Vegetable research and development in South Asia

Enregistré dans:
Détails bibliographiques
Auteur principal: AVRDC
Format: Livre
Langue:Undetermined
Publié: Taiwan AVRDC 1990
Sujets:
Tags: Ajouter un tag
Pas de tags, Soyez le premier à ajouter un tag!
Thư viện lưu trữ: Trung tâm Học liệu Trường Đại học Cần Thơ
LEADER 00460nam a2200181Ia 4500
001 CTU_13377
008 210402s9999 xx 000 0 und d
082 |a 635.095 
082 |b V422 
100 |a AVRDC 
245 0 |a Vegetable research and development in South Asia 
245 0 |c AVRDC 
260 |a Taiwan 
260 |b AVRDC 
260 |c 1990 
650 |a vegetables 
904 |i Minh, 961127 
980 |a Trung tâm Học liệu Trường Đại học Cần Thơ